000 00675nam a2200229 a 4500
001 000044655
003 DO-SdBNP
005 20240301125121.0
007 ta
008 141211s2012 dr r 000 0 spa d
020 _a9789945429503
040 _aDO-SdBNP
_bspa
_cBNPHU
082 4 _bV145s
_222
100 1 _aValdez, Pedro Antonio,
_d1968-
_922509
245 1 3 _aLa salamandra /
_cPedro Antonio Valdez.
260 _aSanto Domingo :
_bAlfaguara,
_c2012.
300 _a272 p. ;
_c24 cm.
500 _aIncluye datos biográficos del autor en la solapa de la cubierta
586 _a"Premio Nacional de Novela, 2010"
590 _aInventariado, 2019/BT
942 _2ddc
_cLBS1
999 _c44144
_d44144